000 01788cam a22003258i 4500
003 OCoLC
005 20180829190248.0
008 151125s2017 mou b 001 0 eng
020 _a9780323353762
020 _a0323353762
040 _aDNLM/DLC
_beng
_erda
_cDLC
_dBTCTA
_dYDXCP
_dNLM
_dOCLCO
_dOCLCQ
_dOSU
_dUtOrBLW
042 _apcc
049 _aOSUU
082 _221
_a610.28
_bERP
090 _aRC78
_b.E48 2017
090 _aRC78
_b.E48 2017
100 1 _aEhrlich, Ruth Ann,
_d1938-
_eauthor
_945894
245 1 0 _aPatient care in radiography :
_bwith an introduction to medical imaging /
_cRuth Ann Ehrlich, Dawn M. Coakes
250 _aNinth edition
300 _a510 pages :
_billustrations ;
_c24 cm
504 _aIncludes bibliographical references and index
505 0 _aIntroduction to radiography -- Image quality factors -- Radiation effects and safety -- The healthcare delivery system -- Professional roles and behaviors -- Professional attitudes and communications -- Safety -- Infection control concepts -- Preventing disease transmission -- Response to patient's personal and physical needs -- Patient assessment -- Patient transfer -- Medication information -- Medication administration -- Emergency response -- Dealing with acute situations -- Preparation and examination of the gastrointestinal tract -- Surgical asepsis -- Contrast media and special radiographic techniques -- Bedside radiography : special conditions and environments -- Radiography in surgery -- Special imaging modalities
650 1 2 _aRadiography
_xmethods
_964606
650 2 2 _aPatient Care
_xmethods
_945786
650 2 2 _aTechnology, Radiologic
_913225
650 2 2 _aProfessional-Patient Relations
_911565
700 1 _aCoakes, Dawn M.,
_eauthor
_964607
942 _cBOOK
263 _a1605
999 _c42691
_d312311